| 000 | 00395nam a2200157Ia 4500 | ||
|---|---|---|---|
| 008 | 210716s2003 xx 000 0 und d | ||
| 020 | _a0195668847 | ||
| 041 | _aeng | ||
| 082 | _a651.75 ASHA | ||
| 100 | _aAshley, A. | ||
| 245 | _aOxford handbook of commercial correspondence. | ||
| 250 | _a1 | ||
| 260 |
_aNew Delhi _bOxford University Press _c2003 |
||
| 300 | _a304/2009 | ||
| 650 | _aNone | ||
| 999 |
_c204770 _d204770 |
||